[Event "Linares 12th"]
[Site "Linares"]
[Date "1994.??.??"]
[Round "6"]
[White "Karpov, Anatoly"]
[Black "Polgar, Judit"]
[Result "1-0"]
[WhiteElo "2740"]
[BlackElo "2630"]
[Annotator "Anand,V"]
[PlyCount "65"]
[EventDate "1994.02.??"]
[EventType "tourn"]
[EventRounds "13"]
[EventCountry "ESP"]
[EventCategory "18"]
[SourceTitle "CBM 040"]
[Source "ChessBase"]
[SourceDate "1994.06.01"]
[SourceVersion "1"]
[SourceVersionDate "1994.06.01"]
[SourceQuality "1"]

1. e4 {Ftacnik Donev Karpov doesn't usually do this but Judit had fended off
both Ivanchuk and Gelfand in earlier rounds with the King's Indian (she was
better when she agreed draws)and Anatoly decides it's time for a change} c5 2.
c3 {Good psychology! Judit had showed herself vulnerable against this.} e6 3.
d4 d5 4. exd5 exd5 5. Nf3 Nc6 6. Bb5 c4 $2 {This releases the tension too
early. Black should play 6...Bd6} (6... Bd6 {Ftacnik} 7. dxc5 Bxc5 8. O-O Nge7)
7. Ne5 Qb6 (7... Bd7 {Ftacnik} 8. Bxc6 Bxc6 9. O-O Bd6 10. Qg4 $1 $36) 8. Bxc6+
(8. Qa4 $1 Nge7 (8... Bd7 9. Nxd7 Kxd7 10. O-O (10. b3 a6 11. bxc4 $2 Re8+ $1)
(10. Bxc6+ Qxc6 $10) 10... a6 11. Bxc6+ Qxc6 12. Qd1 $1 $14) 9. b3 $14 (9. b3 {
Ftacnik} a6 10. bxc4 $1 $16)) 8... bxc6 9. O-O Bd6 10. b3 cxb3 11. axb3 Ne7 12.
Ba3 Bxe5 $6 (12... c5 $1 $14) (12... Bxa3 {Ftacnik} 13. Rxa3 (13. Nxa3 O-O 14.
Re1 Bf5 $14) 13... O-O 14. Re1 $16) 13. dxe5 Be6 $6 (13... c5 $1 14. b4 {
Ftacnik} c4 15. b5 $1 $36) 14. Qd4 $1 $16 {>< c5 <<} Nf5 (14... Qxb3 {Ftacnik}
15. Nd2 Qb6 16. Rfb1 $40) 15. Qc5 h5 (15... Qxc5 {Ftacnik} 16. Bxc5 a5 17. Nd2
{/\ g4+/-}) 16. Nd2 f6 $2 (16... Kd7 17. Bb4 Rhb8 $16) 17. exf6 gxf6 18. Bb4 $1
(18. Qxb6 {Ftacnik} axb6 19. Bc5 $1 Kf7 20. Bxb6 $16) 18... Kf7 19. Ra4 Qxc5
20. Bxc5 a6 21. f3 $18 h4 (21... Rhg8 $16 {Ftacnik}) 22. Rfa1 Bc8 23. Kf2 (23.
Rb4 {Ftacnik} Re8 24. Kf2 a5 25. Rb6 Ba6 $132) 23... Rb8 24. b4 Re8 25. Nb3 Bb7
26. Na5 (26. Ba7 {Ftacnik} Ra8 27. Bb6 Nd6 $16) 26... Ba8 27. R4a2 Re6 28. Ba7
$1 Rb5 (28... Rbe8 29. Nb3 Bb7 (29... Re5 {Donev} 30. Nc5 Re3 31. Rc1 h3 32. g3
d4 33. Ne4 $1 $16) 30. Nc5 {Ftacnik} R6e7 31. Nxb7 Rxb7 32. Bc5 $1 $16 (32.
Rxa6 d4 $1 $132)) 29. Nb3 Bb7 30. g4 $1 hxg3+ 31. hxg3 Re8 32. g4 Nd6 33. Nd4
1-0

[Event "Veliko Gradiste Silver Lake op-A"]
[Site "Veliko Gradiste"]
[Date "2015.06.23"]
[Round "4"]
[White "Savic, Miodrag R"]
[Black "Atalik, Suat"]
[Result "1/2-1/2"]
[WhiteElo "2509"]
[BlackElo "2551"]
[Annotator "Atalik,S"]
[PlyCount "134"]
[EventDate "2015.06.20"]
[EventType "swiss"]
[EventRounds "9"]
[EventCountry "SRB"]
[SourceTitle "EXT 2016"]
[Source "ChessBase"]
[SourceDate "2015.10.08"]
[SourceVersion "1"]
[SourceVersionDate "2015.10.08"]
[SourceQuality "1"]

1. e4 c5 2. Nf3 Nc6 3. c3 {Savic true to himself goes back in Alapin.} Nf6 4.
e5 Nd5 5. d4 cxd4 6. Bc4 Nb6 7. Bb3 d5 8. exd6 Qxd6 9. O-O Be6 10. Bxe6 Qxe6
11. Nxd4 Nxd4 12. Qxd4 Rd8 13. Qf4 g6 14. Nd2 Bg7 15. Nf3 O-O 16. Re1 Qc6 17.
Qh4 Rfe8 18. Bh6 Bf6 19. Bg5 Na4 $146 {And I pull out my prepared novelty.} (
19... Nc4) 20. Rab1 $5 (20. Re2 Nc5) 20... Nc5 21. h3 h5 22. Re3 {This is a
particularly interesting position.} Qa6 (22... Rd3 $3 23. Ne5 Qd5 24. c4 Rd1+
25. Rxd1 Qxd1+ 26. Kh2 Qd6 27. Qg3 Ne6 {was called for. Alas I started to be
afraid of ghosts and rejected the line.}) 23. a3 Rd3 {losing a significant
tempo.} 24. Rxd3 Bxg5 25. Qxg5 Qxd3 26. Re1 Ne6 27. Qa5 (27. Qh6 $5 Qd5 $11)
27... a6 28. Qb6 Qd5 29. c4 (29. Re5 Qd1+ 30. Kh2 Qd7 31. c4 Rc8 $11) 29...
Qxc4 30. Qxb7 Qb5 (30... Nd4 31. Nxd4 Qxd4 32. Qc6 $11) 31. Qxb5 axb5 32. Re5
Rb8 {I have to tell you that White has overplayed Black despite of the
prepared novelty. However still the position is equal due to limited material.}
33. Ng5 $6 {Making things easy for Black.} (33. Kf1 Kg7 34. g3 Rb6 35. Rd5 f6
36. Nd4 Nxd4 37. Rxd4 Rc6 38. Ke2 Kf7 $11) 33... Nxg5 34. Rxg5 Kg7 35. Rc5 Kf6
36. Kf1 Ke6 37. Ke2 Kd6 38. Rc3 Ra8 39. Rd3+ Kc6 40. Rf3 $6 (40. Ke3 e5 41. Ke4
Re8 42. g4 hxg4 43. hxg4 f5+ 44. gxf5 gxf5+ 45. Kxf5 Rf8+ 46. Kxe5 Rxf2 $11)
40... f6 41. h4 Ra4 42. b4 Kd5 43. Kd2 (43. Rg3 Ke4) 43... Ra6 (43... f5 $5)
44. Kc2 e5 {All of a sudden Black is on the driver's seat because of his
active king.} 45. Rd3+ (45. Kb3 Kd4 46. Rc3 $140 $4 Rxa3+ $1 $19) 45... Ke4 (
45... Kc4 46. Rc3+ Kd4 47. Rd3+ Ke4) 46. Rc3 $6 ({It is one of these positions
the weaker side should force a draw as soon as possible.} 46. Re3+ Kf4 47. Rf3+
Kg4 48. Rg3+ Kf5 49. Rf3+ Ke6 50. Rg3 g5 $1 51. hxg5 h4 52. Rg4 fxg5 53. Rxg5
Rxa3 54. f4 exf4 55. Rxb5 Ra2+ 56. Kd3 Rxg2 57. Ke4 $11) 46... g5 $1 47. Kb3
gxh4 {I did not want to give him a pair of protected passed pawns, but it is a
choice.} (47... g4 48. Rc5 Rd6 (48... g3 49. fxg3 f5 50. Rxb5 Rg6 51. Kc4 Rxg3
52. a4 Rxg2 53. a5 Ra2 54. Kb3 $11) 49. Rxb5 Rd3+ 50. Kc2 g3 51. fxg3 Rxg3 52.
a4 Rxg2+ 53. Kc3 f5 54. a5 f4 55. a6 Rg8 56. Rb7 f3 57. Rf7 Ra8 58. b5 Kd5 59.
Kb4 e4 60. Ka5 Ke6 61. Rf4 Ke5 $11) 48. Rh3 Kf4 (48... f5 49. Rxh4+ f4 50. g3
$11) 49. Rxh4+ Kg5 50. Re4 $138 (50. g3 f5 51. f4+ exf4 52. Rxf4 Re6 53. Rf3 h4
54. gxh4+ Kg4 55. Rf1 Re3+ 56. Ka2 f4 57. a4 $1 $132) 50... Ra8 $1 (50... h4
51. f3) 51. Re3 $2 (51. g3 Ra7 (51... Rd8 $2 52. a4 $1) 52. Rh4) 51... h4 52.
Rc3 Kg4 (52... Kf5 53. Rh3 Rd8 54. a4 bxa4+ 55. Kxa4 Rd2 56. Rf3+ Ke6 57. b5
Rb2 58. Ka5 e4 59. Re3 Ke5 60. f3 f5 61. fxe4 fxe4 62. Rh3 $11) 53. Rc6 (53.
Rc5 h3 54. gxh3+ Kf3 55. Rxb5 Kxf2 56. a4) 53... Rf8 $2 {A meek move!} ({
I had to force him to make a decision after} 53... Kf5 $1 54. Rb6 $1 (54. f3 $2
Rg8 55. Rc2 Rg3 56. Ka2 Kf4 57. a4 bxa4 58. b5 f5 59. Ka3 h3 60. gxh3 Rxf3+ 61.
Kxa4 Rxh3 62. b6 Rh8 63. Kb5 e4 $19) 54... Rg8 55. Rxb5 Rxg2 56. Rb8 Rxf2 57.
Rh8 e4 58. Rxh4 e3 59. Kc3 $11) 54. a4 bxa4+ 55. Kxa4 e4 56. b5 h3 57. gxh3+
Kxh3 $11 {Time to settle for a draw.} (57... Kf3 58. Rc2 f5 59. b6 f4 60. Kb5
e3 61. fxe3 fxe3 62. b7 e2 $11) 58. b6 Kg2 59. Rc2 Kf3 60. Kb5 f5 61. b7 Rb8
62. Ka6 f4 63. Ka7 Rxb7+ 64. Kxb7 e3 65. fxe3 fxe3 66. Rc3 Kf2 67. Rxe3 Kxe3
1/2-1/2

[Event "GRE-chT"]
[Site "Athens"]
[Date "1996.??.??"]
[Round "9"]
[White "Tzermiadianos, Andreas"]
[Black "Atalik, Suat"]
[Result "0-1"]
[WhiteElo "2410"]
[BlackElo "2535"]
[Annotator "Atalik,S"]
[PlyCount "156"]
[EventDate "1996.??.??"]
[EventType "team"]
[EventRounds "9"]
[EventCountry "GRE"]
[SourceTitle "CBM 055 Extra"]
[Source "ChessBase"]
[SourceDate "1997.01.01"]
[SourceVersion "1"]
[SourceVersionDate "1997.01.01"]
[SourceQuality "1"]

1. e4 c5 2. c3 d5 3. exd5 Qxd5 4. d4 Nc6 $1 (4... Nf6 5. Nf3 Bg4 6. Nbd2 $1 $40
) 5. Nf3 Bg4 6. Be2 cxd4 7. cxd4 e6 8. Nc3 Qa5 (8... Bb4 9. a3 $1) 9. O-O Nf6
10. h3 Bh5 11. Be3 Bd6 $1 {Ghinda} 12. a3 (12. Qb3 Qb4 $1 (12... Rb8 13. Rfd1
$6 (13. d5 $6 Nxd5 14. Nxd5 exd5 (14... Qxd5 $2 15. Qc3 $1 (15. Qxd5 exd5 16.
Rad1 $1 Rd8 $1 $17) 15... Be5 $1 16. Nxe5 Bxe2 17. Nxc6 Bxf1 18. Qxg7 bxc6 19.
Qxh8+ $18 Ke7 20. Qg7 Bd3 21. Bg5+) 15. Rad1 d4 $1 $10) 13... Nd5 $8 14. Nxd5
exd5 15. g4 Bg6 16. Ne5 $1 $16) 13. g4 Bg6 14. Qxb4 (14. Ne5 Nxd4 15. Bxd4 Qxd4
16. Qb5+ Kf8 17. Qxb7 Rb8 18. Nxg6+ hxg6 $17) 14... Nxb4 15. Nb5 Ke7 $1 16.
Nxd6 Kxd6 17. Ne5 Nfd5 $36) 12... O-O 13. b4 $6 (13. Qb3 Rab8 14. Rfd1 Rfd8)
13... Qd8 14. Na4 (14. Qb3 h6 (14... Re8 15. Rfd1 Nd5 16. Nxd5 exd5) 15. Rfd1
Ne7 16. g4 Bg6 17. Ne5 Bh7 18. Bf3 Ned5) 14... Nd5 15. Qd2 Qe8 $1 16. Nc5 b6
17. Ne4 Bb8 $5 18. Rac1 Nce7 $1 (18... f5 19. Bb5 $1 Bxf3 20. Bxc6 Qg6 21. Ng5
Nxe3 22. Qxe3 Bxc6 23. Rxc6 $18) 19. Ne5 f5 $1 (19... Bxe2 20. Qxe2 f6 21. Nf3
$132) 20. Bxh5 Qxh5 21. Ng3 Qe8 22. Ne2 $8 Bxe5 $1 23. dxe5 Rd8 $6 (23... h6 $5
) (23... f4 24. Bxf4 $8 (24. Nxf4 $2 Nxf4 25. Bxf4 Rd8 26. Qe3 Nd5 $19) 24...
Nxf4 25. Nxf4 Rd8 26. Qe3 Nf5 27. Qe1 $1 $16 Nh4 28. Qe4) 24. Bg5 $1 f4 $8 25.
Nd4 Qg6 26. Nf3 Ne3 27. Qe2 h6 $1 (27... Nxg2 $2 28. Kh2 $18) 28. fxe3 hxg5 29.
e4 g4 30. hxg4 $1 Qxg4 31. Rfd1 $2 (31. Rc7 Ng6 32. Qc4 Rfe8 (32... b5 33. Qxb5
Nh4 34. Nxh4 (34. Qe2 Rd3) 34... Qxh4 35. Qe2 Qg5 36. Rxa7 Qxe5 37. Ra5 Qd4+
$44) 33. Rxa7 Rc8 34. Rc7 $18) 31... Ng6 32. Rxd8 Rxd8 33. Rd1 Rf8 34. Qe1 $6 (
34. Qd3 Nh4 $140 35. Nxh4 Qxh4 36. Qh3) 34... Qh5 35. Qc3 Nh4 36. Rf1 $6 $138 (
36. Rd7 Nxf3+ (36... Qg4 37. Nxh4 Qxh4 38. Qh3 Qe1+ 39. Kh2 Qxe4 40. Qxe6+ Kh8
41. Qh3+ Kg8 42. e6 Qe5) 37. gxf3 Qh3) 36... Rd8 $1 37. Nxh4 Qxh4 38. Qb3 Qg4
$1 39. Qf3 Qxf3 40. Rxf3 g5 41. g3 Rd4 $1 (41... fxg3 42. Rxg3 (42. Rf6 $5)
42... Kf7 43. Rxg5 Rd3 44. Rh5 Kg6 45. Rh8 $10) 42. gxf4 Rxe4 43. Rg3 $1 Rxf4
44. Rxg5+ Kf7 45. Rg3 Rf5 46. Rc3 Kg6 47. Rc7 Rf7 48. Rc3 Kg5 $1 49. Kg2 Rd7
50. a4 $6 (50. Rf3 Rd5 51. Rf7 a5 52. Rb7 axb4 53. Rxb6 bxa3 54. Ra6 $1 (54.
Rxe6 Ra5 $19) 54... Rd2+ 55. Kf3 a2 56. Ke4 Kg4 $19) 50... Kf4 51. a5 bxa5 52.
bxa5 Kxe5 53. Kf3 (53. Re3+ Kd5 54. Rd3+ Kc6 55. Re3 Kb5 56. Re5+ Rd5 57. Rxe6
Kxa5 58. Kf3 Kb4 59. Ke4 Rd8) 53... Rd5 54. Ra3 a6 $1 55. Ke3 Kd6 56. Ra1 Kc6
$1 57. Ke4 Kb5 58. Kf4 Kb4 59. Re1 e5+ $1 60. Ke4 Rc5 61. Ra1 Rb5 62. Ra2 Rxa5
63. Rb2+ Kc5 $3 (63... Ka3 64. Rb6) (63... Kc3 64. Rb6 Kc4 65. Rc6+ Kb4 (65...
Kb5 66. Re6 Kb4 67. Rb6+) 66. Rb6+ Kc5 67. Re6) 64. Kxe5 Ra4 $1 $19 65. Rc2+
Rc4 66. Ra2 Kb5 67. Kd5 Rb4 68. Rh2 a5 69. Rh8 Rg4 70. Rb8+ (70. Rf8 Kb4) 70...
Ka4 71. Rb1 Ka3 $1 72. Ra1+ Kb2 $1 73. Rf1 a4 74. Rf2+ Kb3 75. Kc5 Rc4+ 76. Kd5
a3 77. Rf3+ Rc3 78. Rf8 a2 0-1

[Event "Belgrade Summer GM 1st"]
[Site "Belgrade"]
[Date "2018.06.29"]
[Round "7"]
[White "Nestorovic, Lazar"]
[Black "Atalik, Suat"]
[Result "0-1"]
[WhiteElo "2372"]
[BlackElo "2512"]
[Annotator "Atalik,S"]
[PlyCount "78"]
[EventDate "2018.06.25"]
[EventType "tourn"]
[EventRounds "9"]
[EventCountry "YUG"]
[EventCategory "7"]
[SourceTitle "CBM 186"]
[Source "ChessBase"]
[SourceDate "2018.09.14"]
[SourceVersion "1"]
[SourceVersionDate "2018.09.14"]
[SourceQuality "1"]

1. e4 c5 2. Nf3 Nf6 $5 {The Nimzowitsch Variation of the Sicilian Defence is
becoming popular again.} 3. e5 (3. Nc3 d5 4. exd5 Nxd5 5. Bb5+ Bd7 6. Ne5 Nf6
7. Qf3 Qc8 $14) 3... Nd5 4. c3 $5 {Consistent with the Alapin!} (4. Nc3) (4. d4
cxd4 5. Qxd4 e6) 4... Nc6 5. d4 cxd4 6. cxd4 d6 7. Bd2 $5 g6 8. Nc3 Nxc3 (8...
dxe5 9. Nxe5) 9. Bxc3 Bg7 10. h3 (10. Bc4 O-O (10... dxe5 11. Nxe5) 11. h3 dxe5
12. dxe5 Qxd1+ 13. Rxd1 Bf5 14. O-O Rfd8 $11) 10... dxe5 11. Nxe5 (11. dxe5
Qxd1+ 12. Rxd1 Be6 $32) 11... Qd5 $5 (11... Be6 $142) 12. f3 $2 (12. Be2 $1
Bxe5 (12... Nxe5 13. dxe5) 13. Bf3 Qc4 14. Be2 $11) 12... Qd6 $1 $36 13. Bb5
O-O 14. Bxc6 bxc6 15. O-O c5 16. dxc5 Qxc5+ 17. Qd4 Qxd4+ 18. Bxd4 Rd8 19. Bc3
(19. Rfd1 Rxd4 20. Rxd4 Bxe5 21. Rd8+ Kg7 22. Rc1 Bb7 $17) 19... Bb7 20. Rad1
Rac8 21. Rxd8+ (21. Rfe1 Rd6) 21... Rxd8 22. Re1 {White threatens Nf7.} Bf6 (
22... h5 $2 23. Nxf7 $1) 23. Kf2 h5 $15 24. Nc4 $2 (24. Re3) 24... Bxc3 25.
bxc3 Ba6 26. Ne5 Rd2+ 27. Kg1 Rxa2 28. Nc6 Bc4 29. Rxe7 a5 30. Rc7 $1 Bb3 31.
Nd4 a4 $1 32. Nxb3 $4 (32. h4 $17) 32... axb3 33. Rb7 b2 {White will
eventually be zugzwanged.} 34. Kh2 h4 $19 35. c4 Kf8 36. c5 Ke8 37. c6 Kd8 $22
38. Rd7+ Kc8 39. Rb7 g5 0-1

[Event "Manila zt 3.2a"]
[Site "Manila"]
[Date "2001.04.26"]
[Round "4"]
[White "Garma, Chito"]
[Black "Khatanbaatar, Bazar"]
[Result "1-0"]
[WhiteElo "2400"]
[BlackElo "2481"]
[Annotator "Atlas,V"]
[PlyCount "95"]
[EventDate "2001.04.24"]
[EventType "swiss"]
[EventRounds "9"]
[EventCountry "PHI"]
[SourceTitle "CBM 083"]
[Source "ChessBase"]
[SourceDate "2001.07.05"]
[SourceVersion "1"]
[SourceVersionDate "2001.07.05"]
[SourceQuality "1"]

1. e4 c5 2. c3 Nf6 3. e5 Nd5 4. d4 cxd4 5. Bc4 Nb6 6. Bb3 Nc6 7. Nf3 g6 8. Ng5
d5 9. exd6 e6 10. Qf3 Ne5 11. Qh3 Bg7 12. O-O h6 13. Ne4 f5 14. cxd4 Nc6 15.
d7+ Qxd7 16. Nc5 Qd6 17. Nc3 Nxd4 18. Nd3 g5 19. f4 Kf8 20. Be3 g4 21. Qg3 Kg8
22. Ne5 Nxb3 23. axb3 Nd5 24. Nb5 Qb4 25. Nd4 Kh7 26. Rfc1 Bxe5 27. fxe5 f4 28.
Qf2 Rf8 29. Nc6 Qe4 30. Bc5 Rf7 31. Ra4 Qg6 32. Nb4 b5 33. Nxd5 bxa4 34. Nf6+
Kg7 35. Qxf4 Bb7 36. bxa4 Rc8 37. b4 a6 38. a5 Rd8 39. Be3 Qg5 40. Qg3 Qg6 41.
Rf1 Bc6 42. h3 gxh3 43. Qxh3 Be4 {[%tqu "En","Black's last move was a serious
mistake. How would you prove it?","As often, the best oject to attack is the
enemy king!","Use your powerful bishop.","e3h6","This is the most elegant and
objectively the best move in this position.",6]} 44. Bxh6+ {[%csl Rf7,Rg6,Rg7]}
(44. Nxe4 {should be also sufficient for win, but the text move is certainly
much better!}) 44... Qxh6 (44... Kh8 {falls short after} 45. Bg5+ Kg7 46. Nh5+
Kg8 47. Bxd8) {[%tqu "En","How would you justify the bishop sacrifice on the
last move?","It would be great to have the rook joining the attack - try to
make it happen!","Use the shaky position of the enemy queen.","f6e8","Now the
game is over!",5]} 45. Ne8+ {[%csl Rf7,Rg7,Rh6][%cal Gh3h6,Gf1f7]} Kg6 (45...
Rxe8 46. Rxf7+ Kg6 47. Rf6+ $18) 46. Qxe6+ Kg5 47. Qxf7 Qg6 48. Qf4+ 1-0

[Event "Asia-ch"]
[Site "Kolkata"]
[Date "2001.08.10"]
[Round "2"]
[White "Egin, Vladimir"]
[Black "Sadvakasov, Darmen"]
[Result "0-1"]
[WhiteElo "2451"]
[BlackElo "2568"]
[Annotator "Atlas,V"]
[PlyCount "70"]
[EventDate "2001.08.09"]
[EventType "swiss"]
[EventRounds "11"]
[EventCountry "IND"]
[SourceTitle "CBM 085"]
[Source "ChessBase"]
[SourceDate "2001.11.13"]
[SourceVersion "1"]
[SourceVersionDate "2001.11.13"]
[SourceQuality "1"]

1. e4 c5 2. Nf3 e6 3. c3 Nf6 4. e5 Nd5 5. Bc4 b6 6. Bxd5 exd5 7. d4 Na6 8. O-O
Nc7 9. Bg5 Be7 10. Bxe7 Qxe7 11. Na3 O-O 12. Nc2 d6 13. Ne3 dxe5 14. Nxe5 Qd6
15. Re1 f6 16. Nf3 Be6 17. Qc2 Qf4 18. Rad1 Rad8 19. Qa4 a5 20. Qc6 Qd6 21.
Qxd6 Rxd6 22. dxc5 bxc5 23. Rd2 Rfd8 24. Red1 Rb8 25. Ne1 d4 $1 {[%csl Ra2,Rb2]
[%cal Ge6a2] Now Black's initiative is very dangerous.} 26. cxd4 cxd4 27. b3
Nb5 28. Kf1 a4 $1 {[%cal Ge6a2]} 29. Nc4 (29. bxa4 {is strongly met by} dxe3
30. Rxd6 Nxd6 31. Rxd6 Bc4+ 32. Nd3 Rb2 $1 {, with a large advantage.}) 29...
Rc6 30. Rc1 Rbc8 31. Rdc2 Nc3 32. Nf3 $2 ({Egin obviously overlooked Black's
next move. More stubborn was} 32. Na5 Rc5 $140 33. b4) {[%tqu "En","Black's
pieces are fully mobilized, while his opponent is way behind in that respect.
How would you prove Black's advantage?","Exploit the tension on the c-file.",
"Try to deflect or eliminate defenders of the c4-knight.","c3a2","Very neat!",
5]} 32... Nxa2 $1 {[%csl Rb3,Rc4][%cal Ge6c4,Gc8c4,Ga4b3] This nice move wins
on the spot.} (32... Bxc4+ $2 33. bxc4 Rxc4 {is strongly met by} 34. Nxd4 $1)
33. Nxd4 ({After} 33. Rxa2 axb3 {White is lost as well.}) 33... Nxc1 34. Nxc6
Rxc6 35. Rxc1 axb3 {[%csl Rc4][%cal Ge6c4,Gb3b2,Gc6c1]} 0-1

[Event "Asia-ch"]
[Site "Kolkata"]
[Date "2001.08.14"]
[Round "7"]
[White "Nguyen, Anh Dung"]
[Black "Mahjoob, Morteza"]
[Result "1-0"]
[WhiteElo "2533"]
[BlackElo "2335"]
[Annotator "Atlas,V"]
[PlyCount "48"]
[EventDate "2001.08.09"]
[EventType "swiss"]
[EventRounds "11"]
[EventCountry "IND"]
[SourceTitle "CBM 085"]
[Source "ChessBase"]
[SourceDate "2001.11.13"]
[SourceVersion "1"]
[SourceVersionDate "2001.11.13"]
[SourceQuality "1"]

1. e4 c5 2. c3 d5 3. exd5 Qxd5 4. d4 Nf6 5. Nf3 e6 6. Be2 Nc6 7. Na3 cxd4 8.
Nb5 Qd8 9. Nbxd4 Nxd4 10. Nxd4 e5 11. Bb5+ Bd7 12. Qe2 Qc7 13. Bf4 Bd6 14.
Bxd7+ Nxd7 15. Nb5 Qc6 16. O-O-O Bb8 17. Be3 O-O 18. Na3 Nb6 19. Qb5 Qxg2 ({
A risky continuation.} 19... Qe6 {was a plasible alternative.}) 20. Rhg1 Qh3
21. Qb4 Qe6 $2 ({Admits an elegant refutation. After} 21... Rc8 {or 21...g6
Black had good counterchances.}) {[%tqu "En","How should White use the power
of his active pieces?","As often, the best oject to attack is the enemy king!",
"Use your g1-rook for a decisive strike!","g1g7","Aftter this powerful blow,
Black cannot avoid huge material losses.",5]} 22. Rxg7+ $1 {[%csl Rf8,Rg8]
[%cal Gd1g1,Gg1g8,Gb4f8,Ge3h6]} Kxg7 23. Rg1+ Qg6 24. Rxg6+ (24. Bh6+ {was
winning as well.}) 24... hxg6 (24... hxg6 {, and Black resigned in view of the
line:} 25. Bh6+ Kxh6 26. Qxf8+ $18) 1-0

[Event "Beersheba"]
[Site "Beersheba"]
[Date "1996.??.??"]
[Round "5"]
[White "Finkel, Alexander"]
[Black "Greenfeld, Alon"]
[Result "1-0"]
[WhiteElo "2500"]
[BlackElo "2560"]
[Annotator "Avrukh,B"]
[PlyCount "78"]
[EventDate "1996.03.??"]
[EventType "tourn"]
[EventRounds "11"]
[EventCountry "ISR"]
[EventCategory "10"]
[SourceTitle "CBM 053"]
[Source "ChessBase"]
[SourceDate "1996.08.01"]
[SourceVersion "1"]
[SourceVersionDate "1996.08.01"]
[SourceQuality "1"]

1. e4 c5 2. c3 Nf6 3. e5 Nd5 4. d4 cxd4 5. Qxd4 e6 6. Nf3 Nc6 7. Qe4 d6 8. Nbd2
$5 Be7 (8... dxe5 9. Nxe5 Nxe5 10. Qxe5 Qc7 (10... Nf6 11. Nc4 {/\Be2,0-0+/=/})
11. Bb5+ (11. Nf3 Qxe5+ 12. Nxe5 Bd6 13. Nc4 Bc7 $10 {Kampora,D-Spragett,K/ESP/
1994/}) 11... Bd7 12. Bxd7+ Qxd7 13. O-O Qc7 14. Qe2 Bd6 15. Nf3 Rc8 $10) 9.
Nc4 f5 $5 (9... dxe5 10. Ncxe5 Qc7 (10... Nxe5 11. Nxe5 O-O 12. Bd3 $36) 11.
Nxc6 (11. Bd3 Nxe5 12. Nxe5 Nxc3 $1 $15) 11... bxc6 $14) 10. Qe2 (10. exf6 Nxf6
$17) 10... dxe5 11. Ncxe5 Nxe5 12. Nxe5 O-O 13. g3 Qc7 14. Bd2 (14. Bg2 $2 Nxc3
$17) 14... Bf6 15. f4 Bxe5 $2 (15... g5 16. O-O-O $16) (15... b6 16. Bg2 Bb7
17. O-O $16) 16. Qxe5 (16. fxe5 $2 Bd7 17. Bg2 Bc6 18. O-O Ne7 $10) 16... Qxe5+
17. fxe5 Bd7 (17... b5 $2 18. Bxb5 (18. a4 $16) 18... Rb8 19. c4 Nc7 20. Ba4
Rxb2 21. Bb3 Bb7 22. Rf1 {/\0-0-0+-/}) 18. c4 Ne7 19. Be2 Bc6 20. O-O Ng6 (
20... Rfd8 21. Bb4 Ng6 22. Bd6 $16) 21. Bc3 (21. Bb4 Nxe5 $1 (21... Rfd8 22.
Bd6) 22. Bxf8 Kxf8 $14) 21... Rfd8 (21... f4 $2 22. Bg4 Rae8 23. Rad1) 22. Rad1
Rxd1 23. Rxd1 Kf7 24. Kf2 Rc8 25. a4 Ne7 (25... Bxa4 $2 26. Ra1 $16) 26. a5 $2
(26. h4 $1 g6 (26... h6 27. h5 $16) 27. a5 h6 28. Bd2 {/\Be3+/-/}) 26... g5 27.
h4 $2 (27. Bb4 g4 {/\h7-h5-h4/}) 27... g4 $1 (27... gxh4 $2 28. gxh4 Rg8 29.
Bf3 $16) 28. Rd6 h5 29. Bd4 f4 $1 30. Bd3 $8 fxg3+ (30... Nf5 31. Bxf5 exf5 32.
Rf6+ $16) 31. Kxg3 a6 32. b4 Rc7 $6 (32... Rf8 33. b5 axb5 34. cxb5 Bd5 $10)
33. Bb6 Rd7 $4 34. b5 $18 axb5 35. cxb5 Bxb5 36. Bxb5 Rxd6 37. exd6 Nf5+ 38.
Kf4 Nxd6 39. Bd3 Ke8 $138 1-0

[Event "Tel Aviv ASA"]
[Site "Tel Aviv"]
[Date "1995.??.??"]
[Round "7"]
[White "Har Zvi, Ronen"]
[Black "Fauland, Alexander"]
[Result "1-0"]
[WhiteElo "2500"]
[BlackElo "2445"]
[Annotator "Baburin,A"]
[PlyCount "89"]
[EventDate "1995.??.??"]
[EventType "tourn"]
[EventRounds "9"]
[EventCountry "ISR"]
[EventCategory "10"]
[SourceTitle "CBM 050"]
[Source "ChessBase"]
[SourceDate "1996.02.01"]
[SourceVersion "1"]
[SourceVersionDate "1996.02.01"]
[SourceQuality "1"]

1. e4 c5 2. c3 d5 3. exd5 Qxd5 4. d4 Nc6 5. Nf3 Nf6 6. Be3 cxd4 7. cxd4 e6 8.
Nc3 Qd6 9. a3 Be7 10. Bd3 O-O 11. O-O b6 12. Qe2 Bb7 13. Rad1 Rac8 14. Rfe1
Rfe8 15. Bg5 g6 16. Bb1 Nd5 17. Bc1 Bf8 18. Ba2 Nf4 $6 19. Qe4 Bh6 {[#] Black
has lost control over the critical d5-square for a while and it allows White
to advance in the center. All his pieces (the Rooks on d1 & e1, the Bishop on
a2) are waiting for the d4-d5 break!} 20. d5 $1 exd5 21. Qxe8+ Rxe8 22. Rxe8+
Kg7 23. Bxf4 Qxf4 24. Nxd5 Qd6 25. Nc3 Qc7 26. Nb5 Qf4 27. Rd7 Nd8 28. Rexd8
Qc1+ 29. Rd1 Qxb2 30. Bd5 Bxd5 31. R8xd5 a6 32. Nc7 Bf4 33. Nxa6 Qxa3 34. R5d4
Bxh2+ 35. Nxh2 Qxa6 36. Rb1 h5 37. Nf3 b5 38. Rdb4 Qf6 39. Rxb5 h4 40. Rb6 Qd8
41. Rb7 Qf6 42. Ra7 Qf4 43. Rbb7 Qc1+ 44. Kh2 Qf4+ 45. Kh1 1-0